Estadísticas para Capitales de los estados de México

Haz click aquí para intentar la prueba.

Estadísticas generales

  • Esta prueba ha sido intentada 715 veces
  • La puntuación promedio es 25 de 32

Estadísticas de respuestas

EstadoCapital% Correcto
AguascalientesAguascalientes
95%
ChihuahuaChihuahua
91%
Ciudad de MéxicoCiudad de Mexico
89%
Nuevo LeónMonterrey
88%
OaxacaOaxaca
88%
CampecheCampeche
87%
Baja California SurLa Paz
87%
PueblaPuebla
87%
ColimaColima
86%
JaliscoGuadalajara
86%
DurangoDurango
85%
ZacatecasZacatecas
85%
QuerétaroQuerétaro
84%
San Luis PotosíSan Luis Potosí
84%
GuanajuatoGuanajuato
83%
Baja CaliforniaMexicali
81%
TlaxcalaTlaxcala
81%
YucatánMérida
80%
MexicoToluca
79%
MichoacanMorelia
77%
SonoraHermosillo
74%
NayaritTepic
74%
SinaloaCuliacán
73%
MorelosCuernavaca
72%
ChiapasTuxtla Gutierrez
71%
CoahuilaSaltillo
68%
TamaulipasVictoria
68%
VeracruzXalapa
68%
Quintana RooChetumal
67%
HidalgoPachuca
67%
GuerreroChilpancingo
66%
TabascoVillahermosa
66%

Distribución de puntuación

Porcentaje por número respondido

Porcentaje de gente con cada puntuación

Historial de tus puntuaciones

No has intentado esta prueba.